Films se déroulant à Montmartre par images - Statistiques

Statistiques générales
  • Ce quiz a été pris 71 fois
  • Le résultat moyen est 8 sur 21
Statistiques - réponses
Par images Hint Réponse % Correct
2001 Le Fabuleux Destin d'Amélie Poulain
97%
1970 Les Aristochats
91%
2001 Moulin Rouge
82%
2023 John Wick : Chapitre 4
65%
2009 Inglourious Basterds
54%
2002 L'Auberge Espagnole
44%
2013 Boule et Bill
43%
1966 La Grande Vadrouille
43%
2009 Coco
38%
1997 Anastasia
32%
1959 Les Quatre Cents Coups
31%
2007 La Môme
26%
2009 Le petit Nicolas
25%
2017 Un Sac de Billes
25%
1954 French Cancan
22%
1951 Un Américain à Paris
22%
2010 La Rafle
21%
1957 Drôle de Frimousse
16%
2016 Dalida
3%
1968 Baisers volés
1%
1994 Mina Tannenbaum
1%
Aucun quiz correspondant
Distribution des résultats
% des personnes avec chaque résultat
Percentile par nombre de réponses
Votre historique - résultats
Vous n’avez pas pris ce quiz